[Event "Lippe Cup 04th"]
[Site "Lieme"]
[Date "2007.09.30"]
[Round "4"]
[White "Kopp, Daniel"]
[Black "Wittke, Rene Alexander"]
[Result "0-1"]
[WhiteElo "1565"]
[BlackElo "1476"]
[PlyCount "54"]
[EventDate "2007.09.28"]
[EventType "swiss"]
[EventRounds "5"]
[EventCountry "GER"]
[SourceTitle "EXT 2012"]
[Source "ChessBase"]
[SourceDate "2011.11.24"]
[SourceVersion "1"]
[SourceVersionDate "2011.11.24"]
[SourceQuality "1"]

1. d4 d5 2. c4 e6 3. Nf3 Nf6 4. e3 Be7 5. Bd3 c6 6. 0-0 0-0 7. Nc3 Nbd7 8. b3 dxc4 9. bxc4 b6 10. Qc2 Qc7 11. Bb2 Bb7 12. Ne2 c5 13. Kh1 h6 14. h3 Bc6 15. Ne5 Nxe5 16. dxe5 Nd7 17. f4 Qb7 18. Kh2 Bxg2 19. Rg1 Bc6 20. f5 exf5 21. Bxf5 Qc7 22. Bxd7 Bxd7 23. Nf4 Be6 24. Nxe6 fxe6 25. Rxg7+ Kxg7 26. Rg1+ Kh8 27. Rg6 Rf6 0-1

[Event "Lippe Cup 04th"]
[Site "Lieme"]
[Date "2007.09.30"]
[Round "5"]
[White "Wittke, Rene Alexander"]
[Black "Unruh, Heinrich"]
[Result "0-1"]
[WhiteElo "1476"]
[BlackElo "1793"]
[PlyCount "134"]
[EventDate "2007.09.28"]
[EventType "swiss"]
[EventRounds "5"]
[EventCountry "GER"]
[SourceTitle "EXT 2012"]
[Source "ChessBase"]
[SourceDate "2011.11.24"]
[SourceVersion "1"]
[SourceVersionDate "2011.11.24"]
[SourceQuality "1"]

1. e4 c5 2. b4 cxb4 3. a3 bxa3 4. d4 d5 5. e5 e6 6. Bd3 f5 7. c3 Nc6 8. Bxa3 Bxa3 9. Nxa3 Nge7 10. Ne2 0-0 11. 0-0 a6 12. Nb5 Bd7 13. Nd6 Qc7 14. Qd2 Rfb8 15. Ra3 Nc8 16. Nxc8 Rxc8 17. Rfa1 Qd8 18. Qa2 Qe8 19. Rb1 Rab8 20. Rb6 Na7 21. c4 Rc6 22. Rxc6 Bxc6 23. c5 Bb5 24. Bxb5 Nxb5 25. Rg3 Qd8 26. Qd2 Qf8 27. Nf4 Re8 28. Nh5 Re7 29. Nf6+ Kh8 30. Nh5 Nc7 31. Nf4 Qe8 32. Rh3 g5 33. Nh5 Qg6 34. Nf6 Ne8 35. Nxe8 Rxe8 36. Rb3 Re7 37. Rb6 f4 38. Qb2 Qf7 39. Qd2 h6 40. h3 f3 41. g3 Kg7 42. Qd3 Re8 43. Qb3 Re7 44. Qd3 Rc7 45. Qb3 h5 46. Qb2 Kh6 47. Qc3 Re7 48. Qb2 Qh7 49. Qd2 Qe4 50. Qe3 Qxe3 51. fxe3 g4 52. h4 Kg6 53. Kf2 Kf7 54. Kf1 Ke8 55. Rd6 a5 56. Rb6 a4 57. Rb4 a3 58. Ra4 b6 59. cxb6 Rb7 60. Rxa3 Rxb6 61. Ra2 Kf7 62. Kf2 Kg6 63. Kf1 Kf5 64. Kf2 Ke4 65. Rd2 Rb3 66. Rd1 Rxe3 67. Rd2 Rd3 0-1

[Event "Lippe Cup 02nd"]
[Site "Lieme"]
[Date "2005.10.08"]
[Round "3"]
[White "Wittke, Rene Alexander"]
[Black "Rieth, Hans Helmut"]
[Result "0-1"]
[WhiteElo "1300"]
[BlackElo "1740"]
[PlyCount "138"]
[EventDate "2005.10.07"]
[EventType "swiss"]
[EventRounds "5"]
[EventCountry "GER"]
[SourceTitle "EXT 2012"]
[Source "ChessBase"]
[SourceDate "2011.11.24"]
[SourceVersion "1"]
[SourceVersionDate "2011.11.24"]
[SourceQuality "1"]

1. e4 e5 2. Nf3 Nc6 3. Nc3 Nf6 4. Bc4 Bc5 5. d3 d6 6. Bg5 h6 7. Bh4 Na5 8. Bb3 Nxb3 9. axb3 c6 10. h3 a6 11. Ne2 Qe7 12. 0-0 g5 13. Bg3 g4 14. hxg4 Bxg4 15. Nh4 Nh5 16. Nf5 Bxf5 17. exf5 Qg5 18. d4 Nxg3 19. fxg3 Bb6 20. c3 0-0-0 21. Qd3 d5 22. Rad1 e4 23. Qd2 Bc7 24. Qxg5 hxg5 25. Kf2 Rh2 26. Rh1 Rdh8 27. Rxh2 Rxh2 28. c4 Kd7 29. cxd5 cxd5 30. Rc1 Bb6 31. g4 Rh4 32. Kg3 Bc7+ 33. Kf2 Bb6 34. Kg3 Rh6 35. Rd1 Rc6 36. Nc3 Kd6 37. Kf2 Ba7 38. Ke3 Rb6 39. Kd2 Rxb3 40. Kc2 Rb4 41. Ne2 Rc4+ 42. Kb3 a5 43. Ka3 b5 44. Rh1 Bxd4 45. Nxd4 Rxd4 46. Rh5 e3 47. Rh3 Re4 48. Rh1 e2 49. Re1 d4 50. Kb3 a4+ 51. Kb4 d3+ 52. Kc3 Re3 53. Kd2 Rg3 54. f6 Kd5 55. Kc3 b4+ 56. Kd2 Kd4 57. Ra1 Re3 58. Re1 Re6 59. Ra1 e1Q+ 60. Rxe1 Rxe1 61. Kxe1 a3 62. bxa3 bxa3 63. Kf2 a2 64. Kg3 a1Q 65. Kh3 Qe1 66. Kh2 d2 67. g3 d1Q 68. Kg2 Qf1+ 69. Kh2 Qh1# 0-1